Most Populous Countries A-Z Quiz Stats

Quiz Updated Aug 9, 2015

Challenge
Share
Tweet
Score 0/24 Timer 03:00
18 Plays Today
% Correct
Brazil
99.1%
China
99.1%
Argentina
98.1%
France
97.9%
Germany
97.4%
India
97.1%
Japan
96.9%
Mexico
96.3%
Russia
95%
United States of America
93.6%
South Africa
93.3%
Haiti
92.6%
% Correct
Pakistan
92.2%
Ethiopia
91.7%
Turkey
91.4%
Nigeria
91.2%
Oman
91.1%
Qatar
90.9%
Laos
90.3%
Vietnam
89.9%
Yemen
89.5%
Kenya
88.5%
Democratic Republic of the Congo
86.3%
Zambia
80.5%

You're not logged in!

Compare scores with friends on all Sporcle quizzes.
Join for Free
OR
Log In

You Might Also Like...

Show Comments

Extras

Top Quizzes Today


Score Distribution

Your Account Isn't Verified!

In order to create a playlist on Sporcle, you need to verify the email address you used during registration. Go to your Sporcle Settings to finish the process.

Report this User

Report this user for behavior that violates our Community Guidelines.

Details: